Taylor Swift - Paroles Run (feat. Ed Sheeran) - Statistiques

Statistiques générales
  • Ce quiz a été pris 11 fois
  • Le résultat moyen est 332 sur 398
Statistiques - réponses
Hint Réponse % Correct
a
100%
be
100%
be,
100%
me
100%
no,
100%
no
100%
No
100%
Oo
100%
oo
100%
oo,
100%
the
100%
you
100%
you"
100%
Intro 1,
88%
2,
88%
3,
88%
4
88%
can
88%
could
88%
go
88%
Go
88%
I
88%
is,
88%
it
88%
like
88%
Refrain Like
88%
my
88%
never
88%
on
88%
one
88%
paper
88%
run,
88%
run
88%
Run
88%
run)
88%
say
88%
Say
88%
so
88%
So
88%
this
88%
This
88%
to
88%
us
88%
was
88%
We
88%
we
88%
where
88%
your
88%
all
75%
And
75%
and
75%
(and
75%
around
75%
away
75%
back
75%
been
75%
before
75%
blue
75%
bring
75%
called
75%
car
75%
cares
75%
chain
75%
chain,
75%
child
75%
dark
75%
Darling,
75%
don't
75%
drive
75%
else
75%
eyes
75%
for
75%
frame
75%
friends,
75%
from
75%
gave
75%
Couplet 1 Give
75%
give
75%
heart
75%
hold
75%
hole
75%
I'd
75%
I'll
75%
"I'll
75%
in
75%
keep
75%
key
75%
keys,
75%
know
75%
laugh
75%
law
75%
leave
75%
let
75%
let's
75%
locket,
75%
of
75%
our
75%
Pale
75%
picture
75%
piece
75%
pocket
75%
reason
75%
reflected
75%
'round
75%
see
75%
shot
75%
shouldn't
75%
Pré-refrain Since
75%
sing
75%
sky
75%
sleeve
75%
Take
75%
take
75%
Bridge | Pré-refrain There's
75%
there's
75%
they
75%
thing
75%
throat,
75%
times
75%
town
75%
view
75%
wait
75%
when
75%
with
75%
wrote
75%
you'd
75%
apart
63%
chase
63%
onto
63%
tear
63%
tell
63%
we'll
63%
while
63%
you'll
63%
100
50%
'em
50%
note
50%
they're
50%
trying
50%
Aucun quiz correspondant
Distribution des résultats
% des personnes avec chaque résultat
Percentile par nombre de réponses
Votre historique - résultats
Vous n’avez pas pris ce quiz